[Event "Championnat National du Sénégal"]
[Site "Arène National, Pikine, Seneg"]
[Date "????.??.??"]
[Round "9.2"]
[White "Lesbros, Bernard"]
[Black "Diatta, Robert Kaundum A."]
[Result "1-0"]
[WhiteElo "1878"]
[BlackElo "1635"]
[PlyCount "75"]

1. Nf3 g6 2. d4 Bg7 3. c4 d6 4. Nc3 Nf6 5. g3 O-O 6. Bg2 Nbd7 7. O-O c6 8. e4
e5 9. h3 Ne8 10. Bg5 f6 11. Be3 Qc7 12. Qd2 g5 13. Rfd1 h6 14. Rab1 f5 15. exf5
Rxf5 16. Qd3 Rf8 17. h4 g4 18. Nh2 exd4 19. Bxd4 Ne5 20. Qe2 h5 21. Ne4 Bf5 22.
Rbc1 Qe7 23. Re1 Bg6 24. Qd2 Qd7 25. Ng5 Nd3 26. Ne6 Rf7 27. Qg5 Kh7 28. Be4
Bxe4 29. Rxe4 Bh6 30. Qxh5 Nxc1 31. Ng5+ Kg8 32. Qxh6 Rh7 33. Qg6+ Rg7 34. Bxg7
Qxg7 35. Rxe8+ Rxe8 36. Qxe8+ Qf8 37. Qe6+ Kg7 38. Nxg4 1-0